000 00643nam a2200169Ia 4500
008 090711s9999 xx 000 0 und d
082 _b1174
100 _aकोकड अ. दि. / कोकड सुशीला
245 _aशिलाई आणि धुलाई
260 _bसन पब्लिकेशन पुणे
_c1996
300 _a89
600 _aकोकड अ. दि. / कोकड सुशीला
630 _aशिलाई आणि धुलाई
700 _aकोकड अ. दि. / कोकड सुशीला
730 _aशिलाई आणि धुलाई
942 _cBOOK
999 _c324669
_d324669